Miasta województwa wileńskiego II RP z mapą - Statystyki

Ogólne statystyki
  • Ten quiz został rozwiązany 18 razy
  • Średni wynik to 6 z 15
Odpowiedzi na mapie
Odpowiedzi zakodowano w zielono-czerwonej skali na mapie do tego quizu, zgodnie z poniższymi procentami.
 
Statystyki odpowiedzi
Miasto % Poprawnych
Wilno
100%
Nowa Wilejka
57%
Święciany
57%
Troki
57%
Wilejka
57%
Głębokie
43%
Mołodeczno
43%
Nowe Święciany
43%
Podbrodzie
43%
Dzisna
29%
Oszmiana
29%
Raków
29%
Dokszyce
14%
Radoszkowicze
14%
Smorgonie
14%
Nie znaleziono quizów pasujących do podanych kryteriów
Rozkład punktacji
Procent ludzi z każdym wynikiem
Percentyl według liczby udzielonych odpowiedzi
Twoja historia wyników
Nie rozwiązałeś tego quizu